书目信息 |
| 题名: |
移动互联网营销从入门到精通
|
|
| 作者: | 郭阳 著 | |
| 分册: | ||
| 出版信息: | 北京 中国商业出版社 2016 |
|
| 页数: | 294页 | |
| 开本: | 24cm | |
| 丛书名: | ||
| 单 册: | ||
| 中图分类: | F713.365.2 | |
| 科图分类: | ||
| 主题词: | 网络营销 | |
| 电子资源: | ||
| ISBN: | 978-7-5044-9567-9 | |
| 000 | 00988nam0 2200241 450 | |
| 001 | 012001000944 | |
| 005 | 20140920091302.0 | |
| 010 | @a978-7-5044-9567-9@dCNY42.80 | |
| 100 | @a20161213d2016 em y0chiy50 ea | |
| 101 | 0 | @achi |
| 102 | @aCN@b110000 | |
| 105 | @ay z 000yy | |
| 106 | @ar | |
| 200 | 1 | @a移动互联网营销从入门到精通@9Yi Dong Hu Lian Wang Ying Xiao Cong Ru Men Dao Jing Tong@f郭阳著 |
| 210 | @a北京@c中国商业出版社@d2016 | |
| 215 | @a294页@d24cm | |
| 314 | @a郭阳,实战派资深互联网营销专家,具有10余年网络运营管理经验。现为某医疗企业互联网运营总监。 | |
| 330 | @a本书共分为10章,第一章系统、详细、多角度、多渠道地阐述了移动互联网营销的概念、特点、模式及核心。第2至第10章着重从微信营销、APP营销、二维码营销、百科营销等9大主流移动互联网营销方式分析了各种方式的优势及运用方法、注意要点和成功案例解析。 | |
| 606 | 0 | @a网络营销 |
| 690 | @aF713.365.2@v5 | |
| 701 | 0 | @a郭阳@9Guo Yang@4著 |
| 801 | 0 | @aCN@b上海新华@c20180901 |
| 905 | @b1155606-10@dF713.365.2@e1031@f5 | |
| 移动互联网营销从入门到精通/郭阳著.-北京:中国商业出版社,2016 |
| 294页;24cm |
| ISBN 978-7-5044-9567-9:CNY42.80 |
| 本书共分为10章,第一章系统、详细、多角度、多渠道地阐述了移动互联网营销的概念、特点、模式及核心。第2至第10章着重从微信营销、APP营销、二维码营销、百科营销等9大主流移动互联网营销方式分析了各种方式的优势及运用方法、注意要点和成功案例解析。 |
| ● |
| 相关链接 |
|
|
|
|
正题名:移动互联网营销从入门到精通
索取号:F713.365.2/1031
 
预约/预借
| 序号 | 登录号 | 条形码 | 馆藏地/架位号 | 状态 | 备注 |
| 1 | 1155606 | 211556065 | 第一样本阅览室/ [索取号:F713.365.2/1031] | 在馆 | |
| 2 | 1155607 | 211556074 | 第一借阅区/ [索取号:F713.365.2/1031] | 在馆 | |
| 3 | 1155608 | 211556083 | 第一借阅区/ [索取号:F713.365.2/1031] | 在馆 | |
| 4 | 1155609 | 211556092 | 密集书库-海洋学院/ [索取号:F713.365.2/1031] | 在馆 | |
| 5 | 1155610 | 211556109 | 第一借阅区/ [索取号:F713.365.2/1031] | 在馆 |